00313nam a2200121Ia 4500003000400000008004100004020002500045040000800070100002400078245003900102260004000141300001000181LDD181101s9999 xx 000 0 und d a9788175816255c60.00 cLDD aDasnawi, Abdul Qawi 0aTalaash-e-AzadcAbdul Qawi Dasnawi aNew DelhibMaktaba Jamia Ltd.c2011 a140p.